000 00468nam a2200157 4500
999 _c5415
_d5415
008 161028b xxu||||| |||| 00| 0 eng d
022 _a9770118389007
082 _aDPer 641.05 F73 Mar-Nov 2012
100 _916695
_aParedes, Erica
245 _aMy top 10 in Siem Reap/
_cErica Paredes.
260 _aQuezon City:
_bABS CBN Publishing, Inc.,
_c©2012.
300 _apage 21;
_c30 cm.
500 _aFood.
650 0 _916696
_aTourist trade
942 _2ddc
_cPER